000 00806cam a2200265 a 4500
001 17095534
005 20171215045610.0
008 111209s2011 enkac b 001 d eng
010 _a 2011507125
020 _a9781408152010 (pbk.)
040 _aDLC
_cDLC
041 _aeng
042 _apcc
080 _a822.33
082 0 4 _a822.33 SHA
_222
100 1 _a22
101 _aGJL
240 1 0 _aWorks.
_f2011
245 1 4 _aThe Arden Shakespeare complete works /
_cedited by Richard Proudfoot, Ann Thompson and David Scott Kastan.
246 3 0 _aShakespeare complete works
504 _aIncludes bibliographical references (p. 1339-1343) and indexes.
906 _a7
_bcbc
_corigres
_d2
_encip
_f20
_gy-gencatlg
942 _2ddc
_cBK
999 _c38996
_d38996